00373nam a22001337a 4500003000400000005001700004008004100021040000800062082001700070100002100087245005400108260006300162300001400225OSt20190310191613.0190310b ||||| |||| 00| 0 eng d cDLC a252.3bB154p aBailey, Brain J. aPillars of FAith:cedited by Paul and Betsy Caram aColony, Seethamadhara:bZion christian Publishers:cc.2001 a74c28 cm